| 000 | 01852nam0a2200337 4500 | ||
|---|---|---|---|
| 001 | RU\NLR\BIBL_A\012592366 | ||
| 005 | 20211202152536.0 | ||
| 010 |
_a978-5-93216-578-2 _9500 |
||
| 021 |
_aRU _bКН-П-21-029738 _9КН-П-21-2304 |
||
| 035 | _a(NLR Aleph) 012592366 | ||
| 090 |
_a12556250 _c12556250 |
||
| 100 | _a20210907d2021 k y0rusy50 ca | ||
| 101 | 0 | _arus | |
| 102 | _aRU | ||
| 105 | _a |||z|||000zy | ||
| 181 | 0 |
_ai3 _baxxe |
|
| 182 | 0 | _an | |
| 200 | 1 |
_aМенеджмент современной спортивной организации _eмонография _fА.Н. Попов, Е.С. Бородина, И.Н. Ишимова _gФедеральное государственное бюджетное образовательное учреждение высшего образования Уральский государственный университет физической культуры, Кафедра менеджмента и экономики в спорте |
|
| 203 |
_aТекст _bвизуальный _cнепосредственный |
||
| 210 |
_aЧелябинск _cУралГУФК _d2021 |
||
| 215 |
_a135, [1] с. _cил., табл. _d20 |
||
| 320 | _aБиблиогр.: с. 131-135 (98 назв.) | ||
| 606 | 1 |
_aФизкультурно-спортивные учреждения _xУправление _2nlr_sh2 _3RU\NLR\AUTH\6601613270 |
|
| 686 | 1 | _aЧ514(0)к | |
| 700 | 1 |
_aПопов _bА. Н. _cд-р экон. наук, управлен. экономика _f1948- _gАлександр Николаевич _3RU\NLR\AUTH\7719860 |
|
| 701 | 1 |
_aБородина _bЕ. С. _gЕкатерина Сергеевна |
|
| 701 | 1 |
_aИшимова _bИ. Н. _gИрина Николаевна |
|
| 942 | _cBOOK | ||
| 980 | _aNB | ||